000 00432nam a2200193Ia 4500
008 151121s9999||||xx |||||||||||||| ||und||
082 _a823ред91/CLO
082 _bHNW-45685
100 _aCloete Stuart
245 _aCanary Pie
260 _b"Collins, London"
260 _c--
300 _a237
600 _aCloete Stuart
630 _aCanary Pie
700 _aCloete Stuart
730 _aCanary Pie
942 _cBOOK
999 _c1232656
_d1232653